Bolívar y Europa en las crónicas, el pensamiento político y la historiografía. (Record no. 35138)

MARC details
000 -LEADER
campo de control de longitud fija 00930nam a2200229 i 4500
001 - NÚMERO DE CONTROL
campo de control 35138
003 - IDENTIFICADOR DE NÚMERO DE CONTROL
campo de control ES-MaACL
005 - FECHA Y HORA DE LA ÚLTIMA TRANSACCIÓN
campo de control 20250928102041.0
007 - CAMPO FIJO DE DESCRIPCIÓN FÍSICA--INFORMACIÓN GENERAL
campo de control de longitud fija t|
008 - DATOS DE LONGITUD FIJA--INFORMACIÓN GENERAL
campo de control de longitud fija 030212s1986 ve ||||1| spa d
020 ## - NÚMERO INTERNACIONAL ESTÁNDAR DEL LIBRO
Número Internacional Estándar del Libro 980-265-362-4
245 00 - MENCIÓN DEL TÍTULO
Título Bolívar y Europa en las crónicas, el pensamiento político y la historiografía.
Número de parte o sección de la obra 1,
Nombre de parte o sección de la obra Siglo XIX /
Mención de responsabilidad, etc. investigación dirigida por Alberto Filippi ; prólogo de J.L. Salcedo-Bastardo.
260 ## - PUBLICACIÓN, DISTRIBUCIÓN, ETC.
Lugar de publicación, distribución, etc. Caracas :
Nombre del editor, distribuidor, etc. Edic. de la Presidencia de la República, Comité Ejecutivo del Bicentenaro de Simón Bolívar,
Fecha de publicación, distribución, etc. [1986]
300 ## - DESCRIPCIÓN FÍSICA
Extensión 1 v. ;
Dimensiones 25 cm.
504 ## - NOTA DE BIBLIOGRAFÍA, ETC.
Nota de bibliografía, etc. Referencias bibliográficas.
600 14 - PUNTO DE ACCESO ADICIONAL DE MATERIA--NOMBRE DE PERSONA
Nombre de persona Bolívar, Simón,
Fechas asociadas al nombre 1783-1830
9 (RLIN) 29964
651 #4 - PUNTO DE ACCESO ADICIONAL DE MATERIA--NOMBRE GEOGRÁFICO
Nombre geográfico América española-
Subdivisión general Historia-
Subdivisión cronológica 1806-1830, Guerras de la Independencia.
9 (RLIN) 7726
700 1# - ENTRADA AGREGADA--NOMBRE PERSONAL
Nombre de persona Filippi, Alberto.
9 (RLIN) 50842
700 1# - ENTRADA AGREGADA--NOMBRE PERSONAL
Nombre de persona Salcedo-Bastardo, J. L.
9 (RLIN) 101847
852 ## - LOCALIZACIÓN
Ubicación ES-MaACL
Número de control de estantería P-552
Holdings
Estatus retirado Estado de pérdida Estado de daño No para préstamo Biblioteca de origen Biblioteca actual Ubicación en estantería Fecha de adquisición Fuente de adquisición Total de préstamos Signatura topográfica completa Código de barras Visto por última vez Precio de reemplazo Tipo de ítem Koha
        Biblioteca del Ateneo de Madrid Biblioteca del Ateneo de Madrid Depósito 2 17/01/2008     P-552 1036744 23/02/2023 23/02/2023 Libro impreso